|
|
|
|
| LEADER |
01070nam a2200253 a 4500 |
| 001 |
1559182 |
| 008 |
100928m20092007njua b 001 0 eng d |
| 010 |
|
|
|a 92012094
|
| 020 |
|
|
|a 9788131700709
|
| 020 |
|
|
|a 0131755633
|
| 040 |
|
|
|a DLC
|c DLC
|d DLC
|d DB-DhAAL
|
| 082 |
0 |
0 |
|a 004.2/2
|2 20
|
| 100 |
1 |
|
|a Mano, M. Morris,
|d 1927-
|
| 245 |
1 |
0 |
|a Computer system architecture /
|c M. Morris Mano.
|
| 250 |
|
|
|a 3rd ed.
|
| 260 |
|
|
|a Englewood Cliffs, N.J. ;
|a New Delhi :
|b Pearson/Prentice Hall,
|c c2007.[impression 2009]
|
| 300 |
|
|
|a xviii, 520 p. :
|b ill. ;
|c 25 cm.
|
| 504 |
|
|
|a Includes bibliographical references and index.
|
| 541 |
1 |
|
|e 00021113
|
| 650 |
|
0 |
|a Computer architecture.
|
| 852 |
4 |
|
|a Ayesha Abed Library
|j General Shelf.
|
| 999 |
|
|
|c 9574
|d 9574
|
| 952 |
|
|
|0 0
|1 0
|2 ddc
|4 0
|6 004_220000000000000_MAN_2009
|7 0
|9 12163
|a BRACUL
|b BRACUL
|c GEN
|d 2010-09-29
|l 6
|m 72
|o 004.22 MAN
|p 3010021113
|r 2026-01-18
|s 2025-06-19
|t 1
|w 2010-09-29
|y BK
|
| 952 |
|
|
|0 0
|1 0
|2 ddc
|4 0
|6 004_220000000000000_MAN
|7 0
|9 16173
|a BRACUL
|b BRACUL
|c GEN
|d 2011-04-21
|l 0
|o 004.22 MAN
|p 3010006600
|r 2011-04-21
|t 2
|w 2011-04-21
|y BK
|